000 00574nam a2200181 i 4500
001 59951
003 ES-MaACL
005 20230906164128.0
007 t|
008 031031s1959 sp ||||1| spa d
100 1 _aEskelund, Karl.
_947725
245 1 4 _aLos mandarines rojos
_b: viajes por la China actual /
_cKarl Eskelund ; [traducción de Rafael Cremades Cepa].
250 _a[1ª ed.].
260 _aBarcelona :
_bNoguer,
_c[1959] (
_fBachs)
300 _a200 p., 8 lám. ;
_c22 cm.
700 1 _aCremades Cepa, Rafael.
_941484
852 _aES-MaACL
_jC-16956
_bR.45235
999 _c59951
_d59951